Civil justice delay and empirical data: A response to Professor Heise

Saved in:  
Bibliographic Details
Main Author: Tobias, Carl (Author)
Format: Print Article
Language:English
Published: 2000
In: Case Western reserve law review
Year: 2000, Volume: 51, Issue: 2, Pages: 235-249
Check availability: HBZ Gateway

MARC

LEADER 00000caa a22000002c 4500
001 191248062X
003 DE-627
005 20250126054940.0
007 tu
008 241217s2000 xx ||||| 00| ||eng c
035 |a (DE-627)191248062X 
035 |a (DE-599)KXP191248062X 
040 |a DE-627  |b ger  |c DE-627  |e rda 
041 |a eng 
084 |a 2,1  |2 ssgn 
100 1 |a Tobias, Carl  |e VerfasserIn  |4 aut 
245 1 0 |a Civil justice delay and empirical data: A response to Professor Heise 
264 1 |c 2000 
336 |a Text  |b txt  |2 rdacontent 
337 |a ohne Hilfsmittel zu benutzen  |b n  |2 rdamedia 
338 |a Band  |b nc  |2 rdacarrier 
773 0 8 |i Enthalten in  |t Case Western reserve law review  |d Cleveland, Ohio : School, 1967  |g 51(2000), 2, Seite 235-249  |w (DE-627)168201801  |w (DE-600)702315-7  |w (DE-576)015944484  |x 0008-7262  |7 nnas 
773 1 8 |g volume:51  |g year:2000  |g number:2  |g pages:235-249 
787 0 8 |i Forschungsdaten  |a United States Department of Justice. Office of Justice Programs. Bureau of Justice Statistics  |t Civil Justice Survey of State Courts, 1992  |d [Erscheinungsort nicht ermittelbar] : [Verlag nicht ermittelbar], 1996  |w (DE-627)1840049952 
935 |a mkri 
951 |a AR 
ELC |b 1 
LOK |0 000 xxxxxcx a22 zn 4500 
LOK |0 001 4637446120 
LOK |0 003 DE-627 
LOK |0 004 191248062X 
LOK |0 005 20241217044224 
LOK |0 008 241217||||||||||||||||ger||||||| 
LOK |0 035   |a (DE-2619)ICPSR134565 
LOK |0 040   |a DE-2619  |c DE-627  |d DE-2619 
LOK |0 092   |o n 
LOK |0 852   |a DE-2619 
LOK |0 852 1  |9 00 
LOK |0 935   |a nacp 
LOK |0 939   |a 17-12-24  |b l01 
ORI |a SA-MARC-krimdoka001.raw